LEADER 01069nam0-22003611i-450- 001 990008299440403321 005 20091130114635.0 010 $a88-408-1308-X 035 $a000829944 035 $aFED01000829944 035 $a(Aleph)000829944FED01 035 $a000829944 100 $a20060321d2005----km-y0itay50------ba 101 1 $aita 102 $aIT 105 $aa-------001yy 200 1 $aAnatomia & fisiologia$fGary A. Thibodeau, Kevin T. Patton$gCarla Biondi, Daniele Ricci, Massimo Trevisi 205 $a4. ed 210 $aMilano$cCasa Editrice Ambrosiana$dc2005 215 $axxxiii, 1105 p.$cill. (col.)$d28 cm 300 $atit. orig.: Anatomy & physiology, 5th ed., c2003, Mosby 610 0 $aAnatomia umana 610 0 $aFisiologia umana 676 $a612 700 1$aThibodeau,$bGary A.$0284361 701 1$aPatton,$bKevin T.$0284362 801 0$aIT$bUNINA$gRICA$2UNIMARC 901 $aBK 912 $a990008299440403321 952 $a612-THI-1$b4224$fSC1 959 $aSC1 996 $aAnatomy & physiology$954356 997 $aUNINA